| 000 | 00815cam a22002295a 4500 | ||
|---|---|---|---|
| 001 | L159689 | ||
| 008 | 150226s2016 xxk f 000 0 eng d | ||
| 035 | _a(Sirsi) u159689 | ||
| 041 | 0 | _aeng | |
| 100 | 1 | _aCousins, Stephen | |
| 245 | 0 | 0 |
_aData driven cities _bdemonstrate, anticipate, translate, aggregate |
| 260 | _c2016 | ||
| 490 |
_aModus _vDecember 2016 - January 2017, 22-25 (4) |
||
| 520 | _aInvestigates how cities are putting the vast quantities of data, which are being produced by measuring more aspects of our urban environment, to practical use, from keeping traffic moving to improving disaster response times. | ||
| 590 | _aKA | ||
| 650 | 2 | 4 | _aBIG DATA |
| 650 | 2 | 4 | _aTECHNOLOGICAL REVOLUTION |
| 650 | 2 | 4 | _aDATA ANALYSIS |
| 650 | 2 | 4 | _aDATA COLLECTION |
| 690 | _aSMART CITIES | ||
| 942 | _n0 | ||
| 999 |
_c84914 _d84914 |
||